000 00240nam a2200085Ia 4500
008 170620s9999 xx 000 0 und d
100 _aNarayana- P. V. V. Satya
245 0 _aSchool Administration and Management
260 _bNew Delhi- Sonali Publication
260 _c2004
999 _c24525
_d24525